Tục thờ cúng của người Việt

Đã lưu trong:
書目詳細資料
主要作者: BÙI XUÂN MỸ
格式: 圖書
語言:Undetermined
出版: VHTT
標簽: 添加標簽
沒有標簽, 成為第一個標記此記錄!
Thư viện lưu trữ: Trung tâm Học liệu Trường Đại học Cần Thơ
LEADER 00385nam a2200133Ia 4500
001 CTU_50039
008 210402s9999 xx 000 0 und d
082 |a 394.209597 
082 |b M600 
100 |a BÙI XUÂN MỸ 
245 0 |a Tục thờ cúng của người Việt 
245 0 |c BÙI XUÂN MỸ 
260 |b VHTT 
980 |a Trung tâm Học liệu Trường Đại học Cần Thơ